LEADER 01118nam--2200373---450- 001 990002204020203316 005 20091029091224.0 035 $a000220402 035 $aUSA01000220402 035 $a(ALEPH)000220402USA01 035 $a000220402 100 $a20041123d1968----km-y0itay0103----ba 101 $aeng 102 $aUS 105 $a||||||||001yy 200 1 $aSeizure of Territory$ethe stimson Doctrine and related principles in legal theory and diplomatic practice 210 $aNew York$cGreenwood$d1968 215 $aVIII, 313 p.$d23 cm 410 0$12001 454 1$12001 461 1$1001-------$12001 607 $aGermania 676 $xlegislazione 700 1$aLANGER,$bRobert$0569143 801 0$aIT$bsalbc$gISBD 912 $a990002204020203316 951 $aXXIII.1.E. 69 (IG VIII 14 523)$b8397 G.$cXXIII.1.E. 69 (IG VIII 14 523)$d00251130 959 $aBK 969 $aGIU 979 $aSIAV1$b10$c20041123$lUSA01$h1357 979 $aSIAV1$b10$c20041123$lUSA01$h1402 979 $aRSIAV4$b90$c20091029$lUSA01$h0912 996 $aSeizure of Territory$91032353 997 $aUNISA LEADER 05289nam 22011293u 450 001 9910970323903321 005 20251116222444.0 010 $a9786613277480 010 $a9781283277488 010 $a1283277484 010 $a9780520948211 010 $a0520948211 024 7 $a10.1525/9780520948211 035 $a(CKB)2560000000055532 035 $a(EBL)656362 035 $a(OCoLC)703138066 035 $a(SSID)ssj0000473082 035 $a(PQKBManifestationID)11299845 035 $a(PQKBTitleCode)TC0000473082 035 $a(PQKBWorkID)10437497 035 $a(PQKB)10220674 035 $a(StDuBDS)EDZ0000083821 035 $a(MiAaPQ)EBC656362 035 $a(DE-B1597)518662 035 $a(OCoLC)707080540 035 $a(DE-B1597)9780520948211 035 $a(Perlego)551070 035 $a(iGPub)UCPB0000425 035 $a(EXLCZ)992560000000055532 100 $a20131223d2011|||| u|| | 101 0 $aeng 135 $aur|n|---||||| 181 $ctxt 182 $cc 183 $acr 200 10$aSex Panic and the Punitive State 205 $a1st ed. 210 $aBerkeley, Calif. ;$aLondon $cUniversity of California Press$d2011 215 $a1 online resource (322 p.) 300 $aDescription based upon print version of record. 311 08$a9780520255654 311 08$a0520255658 320 $aIncludes bibliographical references and index. 327 $aCover; Contents; Acknowledgments; Introduction: Fear Eats the Soul; PART ONE. SEX PANIC; 1. Panic: A Guide to the Uses of Fear; 2. Innocents at Home: How Sex Panics Reshaped American Culture; 3. To Catch a Predator: New Monsters, Imagined Risks, and the Erosion of Legal Norms; 4. The Magical Power of the Accusation: How I Became a Sex Criminal and Other True Stories; PART TWO. THE PUNITIVE STATE; 5. Zero Tolerance: Crime and Punishment in the Punitive State; 6. Innocents Abroad: Taboo and Terror in the Global War; 7. Constructing Victimization: How Americans Learned to Love Trauma 327 $a8. The Victimology Trap: Capitalism, Liberalism, and GrievanceConclusion: Whither the Punitive State?; Appendix 1: Race, Incarceration, and Notification; Appendix 2: Notes on Method; Notes; Index; A; B; C; D; E; F; G; H; I; J; K; L; M; N; O; P; Q; R; S; T; U; V; W; Y; Z 330 $aOne evening, while watching the news, Roger N. Lancaster was startled by a report that a friend, a gay male school teacher, had been arrested for a sexually based crime. The resulting hysteria threatened to ruin the life of an innocent man. In this passionate and provocative book, Lancaster blends astute analysis, robust polemic, ethnography, and personal narrative to delve into the complicated relationship between sexuality and punishment in our society. Drawing on classical social science, critical legal studies, and queer theory, he tracks the rise of a modern suburban culture of fear and d 606 $aFear - Political aspects - United States 606 $aFear --Political aspects --United States 606 $aSex - United States 606 $aSex -- United States 606 $aSex crimes - Press coverage - Political aspects - United States 606 $aSex crimes --Press coverage --Political aspects --United States 606 $aSex customs - United States 606 $aSex customs -- United States 606 $aSexual ethics - United States 606 $aSexual ethics -- United States 606 $aUnited States - Social conditions - 20th century 606 $aUnited States -- Social conditions -- 20th century 606 $aSex$xPolitical aspects$zUnited States 606 $aSexual ethics$xPolitical aspects$xPress coverage$zUnited States 606 $aSex customs$zUnited States 606 $aFear$zUnited States 606 $aSex crimes$zUnited States 606 $aGender & Ethnic Studies$2HILCC 606 $aSocial Sciences$2HILCC 606 $aGender Studies & Sexuality$2HILCC 607 $aUnited States$xSocial conditions$y20th century 615 4$aFear - Political aspects - United States. 615 4$aFear --Political aspects --United States. 615 4$aSex - United States. 615 4$aSex -- United States. 615 4$aSex crimes - Press coverage - Political aspects - United States. 615 4$aSex crimes --Press coverage --Political aspects --United States. 615 4$aSex customs - United States. 615 4$aSex customs -- United States. 615 4$aSexual ethics - United States. 615 4$aSexual ethics -- United States. 615 4$aUnited States - Social conditions - 20th century. 615 4$aUnited States -- Social conditions -- 20th century. 615 0$aSex$xPolitical aspects 615 0$aSexual ethics$xPolitical aspects$xPress coverage 615 0$aSex customs 615 0$aFear 615 0$aSex crimes 615 7$aGender & Ethnic Studies 615 7$aSocial Sciences 615 7$aGender Studies & Sexuality 676 $a306.70973/09045 676 $a364.1530973 700 $aLancaster$b Roger N$01896384 801 0$bAU-PeEL 801 1$bAU-PeEL 801 2$bAU-PeEL 906 $aBOOK 912 $a9910970323903321 996 $aSex Panic and the Punitive State$94550958 997 $aUNINA